000 00544nam a2200169 i 4500
001 92176
003 ES-MaACL
005 20230906180920.0
007 t|
008 050222s1970 sp ||||1| spa d
245 0 0 _aLibertad y orden social /
_cKéba M'Baye, Paul Ricoeur, Raymond Aron; [traducción Fabian García- Prieto Buendía].
260 _aMadrid :
_bGuadiana,
_c[1970]
300 _a230 p . ;
_c21 cm.
700 1 _aM'Baye, Kéba.
_974971
700 1 _aGarcía-Prieto Buendía, Fabián.
_955117
852 _aES-MaACL
_jC-38915
_bR.76303
999 _c92176
_d92176